| 000 | 00659nam a2200205Ia 4500 | ||
|---|---|---|---|
| 001 | 14988 | ||
| 003 | GE_BSU | ||
| 008 | 181216s||||||||xx |||||||||||||| ||und|| | ||
| 040 | _cGE_BSU | ||
| 080 | _a517.2+517.955 | ||
| 100 | _aБурбаки,Н. | ||
| 245 | _aДифференцируемые и аналитические многообразия. Сводка результатов | ||
| 245 | _cПод.ред.А.А.Кириллова | ||
| 260 | _aМосква | ||
| 260 | _bМир | ||
| 260 | _c1975 | ||
| 300 | _a220стр.22см. | ||
| 653 | _aДифференцируемые и аналитические многообразия | ||
| 942 | _cBK | ||
| 999 |
_c48107 _d48107 |
||